|
|
|
|
| LEADER |
00000nab a2200000uu 4500 |
| 001 |
vtls011484571 |
| 003 |
SK-MaSNL |
| 005 |
20260303155243.0 |
| 008 |
230222|1961 xo |||||||||||||||||slo| |
| 015 |
|
|
|a SNBRB
|
| 035 |
|
|
|a (urnnbn)urn:nbn:sk:snk:ar-0077b1
|
| 035 |
|
|
|a (uuid)bade1693-4fe3-44d7-9dc2-1f5afbb44c1c
|
| 035 |
|
|
|a urn:nbn:sk:snk-abdb55
|
| 040 |
|
|
|a SNKBUCL
|b slo
|c SNKBUCL
|e AACR2
|
| 041 |
0 |
|
|a slo
|
| 044 |
|
|
|a xo
|c SK
|
| 100 |
1 |
|
|a Krajči, Štefan
|4 aut
|9 443277
|
| 245 |
1 |
0 |
|a Tehelne v Anglii
|c Štefan Krajči
|
| 773 |
0 |
|
|t Stavba : časopis pre techniku a ekonomiku stavebníctva
|g Roč. 8, č. 4 (1961), s. 123-125
|
| 954 |
|
|
|a odborná, vedecká literatúra pôvodná (slovenská)
|2 lita
|
| 958 |
|
|
|a OND
|
| 958 |
|
|
|a EUIPO
|
| 958 |
|
|
|a article18
|
| 999 |
|
|
|c 2039152
|d 2041082
|